Yüklüyor......

LIVESTOCK HANDLING AND TRANSPORT

Detaylı Bibliyografya
Yazar: T GRANDIN
Materyal Türü: Printed Book
Dil:Undetermined
Baskı/Yayın Bilgisi: CABI 2005
Edisyon:2
Konular:
LEADER 00635nam a2200229Ia 4500
008 141122s9999 xx 000 0 und d
020 |a 8190232010 
040 |c . 
041 |a English 
082 |a 636.083 
082 |b GRA/LI 
100 |a T GRANDIN 
245 |a LIVESTOCK HANDLING AND TRANSPORT 
245 |c T GRANDIN 
250 |a 2 
260 |b CABI  
260 |c 2005 
300 |a 449 Pages 
650 |a Live stock production management 
942 |c BK 
999 |c 5366  |d 5366 
952 |0 0  |1 0  |4 0  |6 636_083000000000000_GRALI  |7 0  |9 5324  |a COVAS  |b COVAS  |d 0000-00-00  |l 4  |m 1  |o 636.083 GRA/LI  |p 21156  |r 2019-07-03  |s 2019-06-20  |w 2014-11-26  |y BK